US Cities with 300k+ population & that start or end in A - Statistics

General Stats
  • This quiz has been taken 88 times
  • The average score is 7 of 13
Answer Stats
Answer % Correct
5 Atlanta
93%
1 Philadelphia
70%
11 Aurora
64%
10 Tampa
64%
2 Austin
62%
12 Anaheim
53%
3 Albuquerque
51%
6 Omaha
49%
13 Santa Ana
47%
4 Mesa
45%
8 Arlington
43%
7 Tulsa
41%
9 Wichita
33%
No matching quizzes found
Score Distribution
Percent of People with Each Score
Percentile by Number Answered
Your Score History
You have not taken this quiz